| 000 | 00516nam a2200181Ia 4500 | ||
|---|---|---|---|
| 008 | 151202s9999||||xx |||||||||||||| ||und|| | ||
| 082 | _bPNVM-30541 | ||
| 100 | _aSWAMI CHINMAYANANDA. | ||
| 245 | _aSREEMAD BHAGAVAD GEETA CHAPTER 14 & 15. | ||
| 260 | _bMADRAS CHINMAYA PUB. | ||
| 260 | _c1961 | ||
| 300 | _a94 | ||
| 600 | _aSWAMI CHINMAYANANDA. | ||
| 630 | _aSREEMAD BHAGAVAD GEETA CHAPTER 14 & 15. | ||
| 700 | _aSWAMI CHINMAYANANDA. | ||
| 730 | _aSREEMAD BHAGAVAD GEETA CHAPTER 14 & 15. | ||
| 942 | _cBOOK | ||
| 999 |
_c1296503 _d1296500 |
||